Word Ladder: Elegant Elephant Quiz Stats

 Plays Quiz Updated Aug 29, 2018

Challenge
Share
Tweet
Embed
Score 0/28 Timer 03:00
0 Plays Today
Clue 🐘 % Correct
Hanky-____PANKY
94.7%
Smallest fingerPINKY
94.4%
Arms and legsLIMBS
91.8%
🐘 Disney title character with big ears and no spoken linesDUMBO
91%
QueuesLINES
90.9%
Evergreen treesPINES
90.8%
Cocktail garnishesLIMES
89.8%
A place for your soul to go that is neither heaven nor hellLIMBO
89.4%
Shades of color for elephants on parade in [last rung]PINKS
88.2%
Provide the meal at a special eventCATER
87.8%
Actress Bates or comedian GriffinKATHY
84%
'____ in Toyland'BABES
80.3%
Person you may say 'Ahoy' toMATEY
77.7%
Pixar tow truckMATER
77.2%
Clue 🐘 % Correct
Sagal who played Peggy Bundy on 'Married...with Children'KATEY
75%
🐘 P.T. Barnum's superstar elephant of the 1880sJUMBO
72.3%
Former Florida State football head coach FisherJIMBO
70.3%
🐘 Titular elephant in children's literatureBABAR
63.1%
Rich rum cakesBABAS
59.3%
Long pole that Scots like to tossCABER
51.9%
Things that cause one's death or undoingBANES
51%
Town in northern CroatiaČABAR
42.7%
Announcement of an upcoming marriageBANNS
40.3%
Bedraggled and dirty, like an old bootMANKY
39.8%
🐘 Woolly mammoth in 'Ice Age'MANNY
38.8%
Novelist Thomas and director MichaelMANNS
32.3%
Blues performer McDonaldKATHI
17.5%
🐘 'The Jungle Book' elephantHATHI
14.5%

Today's Daily Dose

You're not logged in!

Compare scores with friends on all Sporcle quizzes.
OR
Log In

You Might Also Like...

Show Comments

Extras

Top Quizzes Today


Score Distribution

Your Account Isn't Verified!

In order to create a playlist on Sporcle, you need to verify the email address you used during registration. Go to your Sporcle Settings to finish the process.

Report this User

Report this user for behavior that violates our Community Guidelines.

Details: